| 000 | 00903nam a22002177a 4500 | ||
|---|---|---|---|
| 003 | OSt | ||
| 005 | 20170608093051.0 | ||
| 008 | 150408b2005 slv spa | ||
| 040 | _cBMC | ||
| 082 | _a721 | ||
| 100 | 1 |
_936200 _aRamírez Rodríguez, Raúl Ernesto |
|
| 245 | 1 | 0 |
_aPasantía en Cromeyer Avila Inversiones S.A. de C.V. _b: Informe final _cRaúl Ernesto Ramírez Rodríguez |
| 260 |
_aSanta Ana (El Salvador) _bUniversidad Católica de El Salvador _c2005 |
||
| 300 |
_a71 h. _bil. col. y planos _c28 cm _e+ 1 disco compacto |
||
| 500 | _aPrecede al tít.: Universidad Católica de Occidente, Facultad de Ingeniería y Arquitectura | ||
| 502 | _aPara optar al título de Arquitecto | ||
| 650 | 2 | 4 |
_98971 _aDiseño arquitectónico |
| 650 | 2 | 4 |
_94860 _aProyectos de arquitectura |
| 710 | 2 |
_91166 _aUniversidad Católica de El Salvador _bFacultad de Ingeniería y Arquitectura |
|
| 942 |
_2ddc _cTG |
||
| 999 |
_c22423 _d22423 |
||